000 00333 a2200109 4500
001 ART_23940
005 20260410161933.0
008 260409a
245 1 0 _a¿Para qué financiamiento externo en Argentina?
100 1 _aPablo, Juan Carlos de
773 0 _tInforme
_g- Año VII, Nº 44 (abr./mayo 1975)
_wREV23765
999 _c28743
_d28743